Movies Quiz

Random Movies or Pixar Quiz

Disney 7-to-1 Quiz Stats

 Plays Quiz not verified by Sporcle

Support Sporcle.
Go Orange.
Score 0/28 Timer 05:00
0 Plays Today
% Correct
Ariel
98.8%
Belle
98.2%
Jasmine
97.9%
Aurora
97.9%
Rapunzel
96.5%
The Jungle Book
96.2%
The Little Mermaid
96.2%
Snow White
96%
Pinocchio
95.1%
Frozen
94.8%
Tiana
94.8%
Bambi
94.3%
The Aristocats
94%
Hannah Montana
93.3%
% Correct
Flounder
93%
Girl Meets World
92.1%
Walt Disney
91.9%
Pascal
91.4%
Wizards of Waverly Place
91.3%
Sven
91%
Eric
90.5%
Phillip
90.3%
Jiminy Cricket
88.3%
Marvel
87.6%
Pixar
85.7%
Hei Hei
85.1%
National Geographic
83.4%
Lucasfilm
81.7%

You're not logged in!

Compare scores with friends on all Sporcle quizzes.
OR
Log In

From the Vault

Movie Hangman II

by sproutcm

Normally when you see movies and hangman, you think westerns...
Remove Ads.
Support Sporcle.
Get the best of Sporcle when you Go Orange. This ad-free experience offers more features, more stats, and more fun while also helping to support Sporcle. Thank you for becoming a member.

Show Comments

Extras

Top Quizzes Today


Score Distribution

Your Account Isn't Verified!

In order to create a playlist on Sporcle, you need to verify the email address you used during registration. Go to your Sporcle Settings to finish the process.

Report this User

Report this user for behavior that violates our Community Guidelines.

Details: